Quiz sur le Laos - Statistiques

Statistiques générales
  • Ce quiz a été pris 5 496 fois
  • Le résultat moyen est 12 sur 20
Statistiques - réponses
Question Réponse % Correct
Pays frontaliers Viêt Nam
97%
Pays frontaliers Cambodge
96%
Pays frontaliers Thaïlande
96%
Pays frontaliers Chine
95%
Pays qui a colonisé le Laos en 1887 France
89%
Langue officielle Lao
89%
Pays frontaliers Birmanie
87%
Religion la plus pratiquée Bouddhisme
87%
80% des terres arables cultivent ceci Riz
82%
Capitale Vientiane
82%
Fleuve qui coule dans celle-ci Mékong
67%
Le Laos se trouve sur cette péninsule Indochine
66%
Animal national Éléphant
37%
...mais ces grains sont bel et bien le principal produit d'exportation du pays Café
36%
Ce que le cercle blanc sur le drapeau représente Lune
32%
Deuxième ethnie la plus représentée, qui aidait les États-Unis dans cette guerre H{mong}
21%
Devise monétaire Kip
17%
Du fait de sa guerre civile, le Laos serait le pays le plus ______ par habitant Bombardé
14%
Mouvement communiste qui est au pouvoir depuis 1975 {Pathet} Lao
10%
Chaîne de montagnes qui forme la frontière orientale du Laos La Cordillère {Annamitique}
8%
Aucun quiz correspondant
Distribution des résultats
% des personnes avec chaque résultat
Percentile par nombre de réponses
Votre historique - résultats
Vous n’avez pas pris ce quiz